|
|
|
|
| LEADER |
00000cas a2200000 c 4500 |
| 001 |
130271837 |
| 003 |
DE-627 |
| 005 |
20260116175837.0 |
| 007 |
tu |
| 008 |
931116d19621977gw z| p| s 0 |0ger c |
| 016 |
7 |
|
|a 01315107X
|2 DE-101
|
| 016 |
7 |
|
|a 563801-X
|2 DE-600
|
| 024 |
8 |
|
|a BSB-QK-Image-ID121878124370007356#131878769120007356
|q Identnummer
|
| 035 |
|
|
|a (DE-627)130271837
|
| 035 |
|
|
|a (DE-576)015840190
|
| 035 |
|
|
|a (DE-599)ZDB563801-X
|
| 035 |
|
|
|a (OCoLC)183385099
|
| 040 |
|
|
|a DE-627
|b ger
|c DE-627
|e rakwb
|
| 041 |
|
|
|a ger
|
| 044 |
|
|
|c XA-DE
|
| 082 |
0 |
4 |
|a 310
|q DE-600
|
| 084 |
|
|
|a 83.00
|2 bkl
|
| 110 |
2 |
|
|a Deutschland
|g Bundesrepublik
|b Statistisches Bundesamt
|e VerfasserIn
|0 (DE-588)1002826-2
|0 (DE-627)183855981
|0 (DE-576)19114827X
|4 aut
|
| 245 |
1 |
0 |
|a Fachserie / Statistisches Bundesamt, Wiesbaden
|n H
|p Verkehr
|n Reihe 6 - m
|p Straßenverkehrsunfälle
|
| 246 |
1 |
|
|i Abweichender Titel
|a Fachserie / H / 6 m
|
| 264 |
3 |
1 |
|a Stuttgart
|a Mainz
|b Kohlhammer
|c 1962-1977
|
| 336 |
|
|
|a Text
|b txt
|2 rdacontent
|
| 337 |
|
|
|a ohne Hilfsmittel zu benutzen
|b n
|2 rdamedia
|
| 338 |
|
|
|a Band
|b nc
|2 rdacarrier
|
| 362 |
0 |
|
|a 1962(1962/63) - 1976(1976/77)
|
| 363 |
0 |
0 |
|i 1962
|
| 363 |
1 |
0 |
|i 1976
|
| 655 |
|
7 |
|a Zeitschrift
|0 (DE-588)4067488-5
|0 (DE-627)10454466X
|0 (DE-576)20917000X
|2 gnd-content
|
| 655 |
|
7 |
|a Statistik
|0 (DE-588)4056995-0
|0 (DE-627)106152955
|0 (DE-576)209119799
|2 gnd-content
|
| 935 |
|
|
|a mkri
|
| 936 |
b |
k |
|a 83.00
|
| 951 |
|
|
|a JT
|
| ELC |
|
|
|b 1
|
| ORI |
|
|
|a SA-MARC-krimdok_oa001.raw
|